Statistics for European Countries that Border the Mediterranean

Click here to take the quiz!

General Stats

  • This quiz has been taken 29 times
  • The average score is 10 of 11

Answer Stats

Country% Correct
Italy
100%
Spain
100%
Croatia
96%
France
96%
Slovenia
96%
Greece
93%
Malta
93%
Monaco
93%
Montenegro
93%
Albania
89%
Bosnia & Herzegovina
89%

Score Distribution

Percentile by Number Answered

Percent of People with Each Score

Your Score History

You have not taken this quiz